000 00383nam a2200169Ia 4500
003 IT-RoPAU
008 120407s9999 xx 000 0 und d
040 _aIT-RoPAU
040 _cIT-RoPAU
100 _aGiuseppe Angelini
245 _aDisegno storico della teologia morale
260 _aDehoniane
300 _c cm
490 _v1
700 _aAmbrogio Valsecchi
942 _cBK
999 _c2395
_d2395